| 000 | 00838nam a22002177a 4500 | ||
|---|---|---|---|
| 999 |
_c15214 _d15214 |
||
| 003 | AR-CdUCM | ||
| 008 | 190402b ||||| |||| 00| 0 spa d | ||
| 040 |
_aMUNICIPALIDAD PROVINCIAL DEL CUSCO _cBIBLIOTECA MUNICIPAL DEL CUSCO |
||
| 082 |
_aPI / 803 / _bP33 |
||
| 100 |
_aPaz Varias, Miguel. _934245 |
||
| 245 |
_aGusanito : _aGusanito : _bVa a Machu Picchu / _bGoes to Machu Picchu / |
||
| 260 |
_aCusco : _bKopygraf E.I.R.L., _c2012. |
||
| 300 |
_a102 paginas ; _bilustraciones, dibujos, cd, _c21 cm. |
||
| 500 | _aCosetur, Machupicchu SAC. | ||
| 505 | _aContenido :Gusanito va al jardín -- Gusanito y el avioncito feliz -- La oración -- La leyenda del arco iris -- El sol ... | ||
| 650 |
_aAprestamiento _927898 |
||
| 650 |
_aEducadores _91065 |
||
| 650 |
_aGuia de ayuda _927899 |
||
| 942 |
_2ddc _cLIBROS |
||
| 945 |
_arum _d2019-04-26 |
||